Central Library OPAC University of Rajshahi

The making of the Middle Ages / (Record no. 31298)

MARC details
000 -LEADER
fixed length control field 00870nam a2200277 a 4500
001 - CONTROL NUMBER
control field 31298
003 - CONTROL NUMBER IDENTIFIER
rucl marc code BD-RjUL
005 - DATE AND TIME OF LATEST TRANSACTION
control field 20211209051701.0
008 - FIXED-LENGTH DATA ELEMENTS--GENERAL INFORMATION
fixed length control field 140415r19681953enkabj b 001 0 eng d
020 ## - INTERNATIONAL STANDARD BOOK NUMBER
International Standard Book Number 0090344340
International Standard Book Number 0090344359 (pbk)
035 ## - SYSTEM CONTROL NUMBER
System control number (BD-RjUL)31385
040 ## - CATALOGING SOURCE
Original cataloging agency UkOxU
Language of cataloging eng
Transcribing agency UkOxU
Modifying agency BD-RjUL
041 ## - LANGUAGE CODE
Language code of text/sound track or separate title eng
082 #4 - DEWEY DECIMAL CLASSIFICATION NUMBER
Classification number 940.1
Author mark and year SOM 1968
100 1# - MAIN ENTRY--PERSONAL NAME
Personal name Southern, R. W.
Fuller form of name (Richard William),
Dates associated with a name 1912-2001
9 (RLIN) 95244
245 14 - TITLE STATEMENT
Title The making of the Middle Ages /
Statement of responsibility, etc. R.W. Southern
250 ## - EDITION STATEMENT
Edition statement [Repr with revisions]
260 ## - PUBLICATION, DISTRIBUTION, ETC. (IMPRINT)
Place of publication, distribution, etc. London :
Name of publisher, distributor, etc. Hutchinson,
Date of publication, distribution, etc. c1968.
300 ## - PHYSICAL DESCRIPTION
Pagination 263 p, [5] p of plates :
Illustrations ill, geneal table, map ;
Size 21 cm.
500 ## - GENERAL NOTE
General note First published: 1953
504 ## - BIBLIOGRAPHY, ETC. NOTE
Bibliography, etc Includes revised bibliography and index
650 #0 - SUBJECT ADDED ENTRY--TOPICAL TERM
Topical term or geographic name as entry element Middle Ages
9 (RLIN) 95245
830 #0 - SERIES ADDED ENTRY--UNIFORM TITLE
Uniform title Hutchinson university library
942 ## - ADDED ENTRY ELEMENTS (KOHA)
Source of classification or shelving scheme Dewey Decimal Classification
Koha item type Books
Holdings
Lost status Source of classification or shelving scheme Damaged status Not for loan Permanent Location Current Location Shelving location Date acquired Source of acquisition Cost, normal purchase price Total Checkouts Full call number Date last seen Copy number Koha item type
  Dewey Decimal Classification   Not For Loan Central Library, University of Rajshahi Central Library, University of Rajshahi Reading Room 13/06/1975 Jonathan Wren & Co. 1.75   940.1 SOM 1968 15/04/2014 C-1 Books